000 00464nam a2200181Ia 4500
001 17033
003 IN-NITTTR
005 20251114233201.0
008 251113s9999||||xx |||||||||||||| ||eng||
040 _beng
040 _cIN-NITTTR
041 _aeng
082 _a303.4834F84C
100 _aFrates, Jeffrey
245 0 _aComputers and life :
_b an integrative approach /
_cFrates, Jeffrey, Moldrup, William
700 _a Moldrup, William
942 _2ddc
_cBK
999 _c19667
_d19667